Quizzes
Events
Quiz Creation
Community
Videos
Private Events
Remove Ads
Sign In
Join for FREE
Feedback
Dark Mode
Quiz Categories
Sports
Geography
Music
Movies
Television
Just For Fun
Miscellaneous
History
Literature
Language
Science
Gaming
Entertainment
Religion
Holiday
For Kids
Quiz Lab
Recent
Popular Today
Quiz Kudos Today
Editor Picks
Curator Picks
Quizzes by...
Day
Popularity
Type
Ratings
Length
Year
Community
Subscriptions
Recent Discussions
Orange Saloon
Badges
Playlists
Quests
Create
Leaderboards
Showdown
Live 5
Trivia Bingo
Activity
Puzzle Library
Sporcle Events
Private Events
Virtual Trivia
Globe League
Become a Host
Pub Owners
SporcleCon
Opinionation
Our Games
Videos
Blog
Mobile Apps
Partnerships
Remove Ads and Go Orange
Feedback
Sports
Athletes
MLB
NBA
NHL
NFL
Soccer
Sports Teams
WWE
NCAA
Football
Premier League
Basketball
Baseball
Hockey
Golf
Tennis
Cricket
Rugby
Auto Racing
Olympics
World Cup
Sports
Athletes
MLB
NBA
NHL
NFL
Soccer
Sports Teams
WWE
NCAA
Football
Premier League
Basketball
Baseball
Hockey
Golf
Tennis
Cricket
Rugby
Auto Racing
Olympics
World Cup
Random Quiz
Search Sporcle
×
Quiz Lab
Quiz Lab
Sports
Baseball
Type in answers that appear in a list
Type in answers that appear in a list
Classic
Best Score? Go Orange.
2014 RED SOX Stats
Can you name the 2014 RED SOX
By
brady1283
6m
25 Questions
120 Plays
120 Plays
120 Plays
Comments
Comments
Give Quiz Kudos
Give Quiz Kudos
-
- Ratings
hide this ad
Replay
Link that replays current quiz
Next Quiz
Link to next quiz in quiz playlist
You Got
0%
They Got
Avg Score
71%
Avg Friend Score
Upgrade to see
Score Distribution
Jump to the score distribution portion of the page
Score
0/25
Timer
06:00
0
Plays Today
Hint
Answer
% Correct
DH
DAVID ORTIZ
99.2%
2B
DUSTIN PEDROIA
95.8%
SP
JON LESTER
91.7%
1B
MIKE NAPOLI
89.2%
RP
KOJI UEHARA
85%
3B
WILL MIDDLEBROOKS
84.2%
SP
JOHN LACKEY
83.3%
SS
XANDER BOGAERTS
83.3%
C
DAVID ROSS
81.7%
OF
SHANE VICTORINO
81.7%
RP
JUNICHI TAZAWA
77.5%
SP
CLAY BUCHHOLZ
76.7%
OF
DANIEL NAVA
75%
Hint
Answer
% Correct
C
A.J. PIERZYNSKI
71.7%
OF
JONNY GOMES
71.7%
SP
JAKE PEAVY
69.2%
SP
FELIX DOUBRONT
65%
OF
GRADY SIZEMORE
60.8%
RP
BRANDON WORKMAN
56.7%
RP
ANDREW MILLER
55.8%
OF
MIKE CARP
52.5%
RP
EDWIN MUJICA
47.5%
IF
JONATHON HERRERA
44.2%
RP
BURKE BADENHOP
40.8%
RP
CHRIS CAPUANO
35.8%
Quiz Playlist
Details
Report
Send in Message
Add To Playlist
Classic:
Type in answers that appear in a list
Quiz Source
Last Updated: Feb 16, 2017
Quiz Scoreboard
CHALLENGE
Sign Up to Join the Scoreboard
Show All
Scores
Hide
Comments
May contain spoilers
Recently Published
9x9 Crossword: Cartoon Network
by jackfrog10
Miscellaneous
3m
College Basketball Coaching Resumes
by pancakes188
Sports
9m
Billboard Blitz: Fleetwood Mac
by CooCooCachoo
Music
15s
More to Explore
Quiz From the Vault
Featured Blog Post
Where Did the Easter Bunny Come From?
hide this ad
You Might Also Like...
Tags
Baseball Quiz
MLB Quiz
2014
Boston Red Sox
Red
Today's Top Quizzes in Sports
Browse Sports
hide this ad
Today's Top Quizzes in Baseball
Browse Baseball
Top Contributed Quizzes in Sports
1
2022 World Cup Stars
2
Les meilleurs buteurs des matchs entre le PSG et l’OM
3
FIFA Club World Cup Champions
4
Les entraîneurs de l'OM et du PSG au 21e siècle
5
Criteria MLB: Left Handed Sluggers
6
AFC Teams Reveal (Wrong Answers Minefield)
7
2023 MLB Unique Player Accomplishments
8
5-to-1: FBS Animal Nicknames
9
Players with Multiple 50 Home Run Seasons
10
5-to-1: UK Sports Teams
Explore More
Trending Topics
NBA
Kpop
Anime
Disney
Marvel
Crossword
Harry Potter
Puzzle
NFL
Pokémon
WWE
The Office
Soccer
Song
Country
hide this ad
More By:
brady1283
Quiz
Plays
Rating
Category
Featured
Created
Name the 2010 Patriots By number
236
3.67
Sports
Sep 23, 2010
Qbs who Have thrown A TD Pass to Wes Welker
226
4.00
Sports
Feb 13, 2012
PATRIOTS AFC CHAMPIONSHIP GAME OPPONENTS
209
3.67
Sports
Jan 23, 2012
PATRIOTS TDS IN 2011
138
4.00
Sports
Nov 10, 2011
2010 redsox pitchers
127
1.83
Sports
Sep 22, 2010
Go to Creator's Profile
Score Distribution
Quiz Creator Spotlight
brady1283
Follow
Send a Message
Quizzes Created
-
Created Quiz Play Count
-
More By This Creator
Popular Quizzes Today
1
Find the US States - No Outlines Minefield
2
Find the Countries of Europe - No Outlines Minefield
3
The Countries of the World
4
Find the US States
5
Risky Map Clicking: Biggest States A-Z
6
US States
7
Popular People in 1961
8
Movies - When Are They Set?
More Sports Quizzes
NCAA Profile: Vanderbilt
Published
Trending Quizzes
Risky Map Clicking: Least Populous States A-Z
1-10 Letter G Words
1-10 Letter F Words
Risky Map Clicking: Next State Alphabetically
Adjectives in 80s TV Shows
Recently Updated
Leaping Animals
pecheneg
Reality TV Shows (A-Z)
bhenderson79
Rickey Henderson's Hall of Fame Teammates
pecheneg
Champions League XIs: Arsenal
pecheneg
Quick Pick: Celebrities in WWE's Hall of Fame
aduchscher
A-Z Keypad Blitz II
pecheneg
Multiple Oscar Actors
pecheneg
Mystery Phrase Blitz: Oscar 'Best Actors'
pecheneg
F. Scott Fitzgerald Novels
LTH
Pick 3 Villains
ddd62291
Trending Topics
NBA
Kpop
Crossword
Disney
Harry Potter
Anime
Marvel
Pokémon
NFL
Soccer
Country
Song
Puzzle
The Office
WWE
Your Account Isn't Verified!
In order to create a playlist on Sporcle, you need to verify the email address you used during registration. Go to your
Sporcle Settings
to finish the process.
Report this User
Report this user for behavior that violates our
Community Guidelines
.
Details:
Send Report
Go to the Sporcle.com Mobile Site →
Comments